| 000 | 01116nam a2200241 a 4500 | ||
|---|---|---|---|
| 003 | AM-YeHGA | ||
| 040 | _aAM-YeHGA | ||
| 090 | _c433986 | ||
| 005 | 20250617155355.0 | ||
| 008 | 180330s1955 ru a||||r|||||000|0|rus|| | ||
| 041 | 0 | _arus | |
| 100 | 1 | _aОрлов, Василий Сергеевич | |
| 245 | 1 | 0 |
_aЕльня / _cВ.С. Орлов, А.В. Чернобаев. |
| 260 |
_aСмоленск : _bКн. изд-во, _c1955. |
||
| 300 |
_a136 с. : _bил. ; _c21 см. |
||
| 490 | 1 | _aГорода Смоленщины : Очерки по истории городов Смоленской области с древних времен до наших дней | |
| 650 | 1 | 4 | _aИстория России |
| 651 | 4 |
_aЕльня _xИстория |
|
| 653 | 0 | _aГорода - Смоленская область | |
| 700 | 1 | _aЧернобаев, Александр Власьевич | |
| 830 | 0 | _aГорода Смоленщины : Очерки по истории городов Смоленской области с древних времен до наших дней | |
| 942 |
_2udc _cBK |
||
| 999 |
_c431411 _d431411 |
||